Carregant...
Ahmedabad : shock city of twentieth century India
| Autor principal: | |
|---|---|
| Format: | Printed Book |
| Publicat: |
New Delhi
Orient black swan
2012
|
| Matèries: |
| LEADER | 00489nam a22001457a 4500 | ||
|---|---|---|---|
| 020 | |a 9788125046615 | ||
| 082 | |a 954.75 | ||
| 100 | |a Spodek , Howard | ||
| 245 | |a Ahmedabad : shock city of twentieth century India | ||
| 260 | |a New Delhi |b Orient black swan |c 2012 | ||
| 300 | |a 330p | ||
| 650 | |a Ahmedabad | ||
| 942 | |c BK | ||
| 999 | |c 288519 |d 288519 | ||
| 952 | |0 0 |1 0 |4 0 |6 954_750000000000000_SPO_A |7 0 |9 327921 |a HIS |b HIS |c ST1 |d 2014-01-22 |g 795.00 |i 24074 |l 0 |o 954.75 SPO / A |p HIS24074 |r 2018-08-23 |w 2018-08-23 |y BK | ||